Dsm-iv libro de casos
Պահպանված է:
| Հիմնական հեղինակներ: | , , , , |
|---|---|
| Ձևաչափ: | Գիրք |
| Լեզու: | իսպաներեն |
| Հրապարակվել է: |
Barcelona
Masson
1996
|
| Խորագրեր: | |
| Ցուցիչներ: |
Ավելացրեք ցուցիչ
Չկան պիտակներ, Եղեք առաջինը, ով նշում է այս գրառումը!
|
MARC
| LEADER | 00000nam a2200000 a 4500 | ||
|---|---|---|---|
| 001 | UCT8388 | ||
| 003 | CL-VaPUC | ||
| 008 | 970326e19960000SP |||||||||||||||||spa|d | ||
| 082 | 0 | 4 | |a 616.89 |b SPI |2 21 |
| 100 | 0 | |a Spitzer, Robert L |e author |9 380103 | |
| 700 | 0 | |a Gibbon, Miriam |e author |9 380104 | |
| 700 | 0 | |a Skodol, Andrew E |e author |9 380105 | |
| 700 | 0 | |a Williams, Janet B.W |e author |9 380106 | |
| 700 | 0 | |a First, Michael B |e author |9 380107 | |
| 245 | 1 | 0 | |a Dsm-iv libro de casos |
| 246 | 1 | 0 | |a Compañero del dms-ivmanual diagnóstico y estadístico de los transtornos mentales |
| 300 | |a 597 p | ||
| 942 | |c BK | ||
| 945 | |d 19970326 00:00:00 |a nastorga | ||
| 260 | |a Barcelona |b Masson |c 1996 | ||
| 650 | 0 | |a Psicología |9 257863 | |
| 650 | 0 | |a Enfermedades mentales |9 310204 | |
| 650 | 7 | |a TRANSTORNOS MENTALES |2 CL-VaPUC |9 380108 | |
| 650 | 0 | |a Niños |9 255605 | |
| 650 | 0 | |a Adolescentes |9 308058 | |
| 650 | 0 | |a Estudio de casos |9 257099 | |
| 650 | 0 | |a Adultos |9 335034 | |
| 583 | |a last modification |c 19970326 00:00:00 |k Rodrigo Vera | ||
| 999 | |c 256891 |d 256889 | ||
| 952 | |0 0 |1 0 |4 0 |6 616_890000000000000_SPI_1996 |7 0 |8 R |9 279974 |a BIBEDU |b BIBEDU |c MCIRC |d 2019-11-19 |i 329370K |o 616.89 SPI 1996 |p 329370K |r 2023-01-13 |w 2019-11-19 |y BK_R |k PSI | ||
| 952 | |0 0 |1 0 |4 0 |6 616_890000000000000_SPI_1996 |7 0 |8 R |9 279975 |a BIBEDU |b BIBEDU |c MCIRC |d 2019-11-19 |i 3441431 |o 616.89 SPI 1996 |p 3441431 |r 2023-01-13 |w 2019-11-19 |y BK_R |k PSI | ||